[Event "Cappelle op"]
[Site "Cappelle la Grande"]
[Date "1992.??.??"]
[Round "5"]
[White "Radulov, Ivan"]
[Black "Dreev, Alexey"]
[Result "0-1"]
[WhiteElo "2400"]
[BlackElo "2580"]

1.Nf3 d5 2.g3 c6 3.Bg2 Nf6 4.O-O Bf5 5.d3 h6 6.c4 e6 7.Qb3 Qb6 8.Be3 Qxb3
9.axb3 a6 10.Nc3 Nbd7 11.Rfe1 Be7 12.Na4 O-O 13.Bd4 Rfe8 14.Nb6 Rad8 15.Nxd7 Nxd7
16.Bc3 Bh7 17.Ne5 Nc5 18.Ra3 f6 19.Nf3 Bf8 20.b4 Nd7 21.Raa1 Bg6 22.b3 e5
23.e4 d4 24.Bd2 c5 25.b5 axb5 26.Ra7 Rb8 27.Bh3 Nb6 28.cxb5 Bf7 29.Rb1 Nc8
30.Ra2 Nd6 31.b6 Ra8 32.Ra7 Rxa7 33.bxa7 Ra8 34.Ba5 Rxa7 35.Bb6 Ra2 36.Bxc5 Nxe4
37.Bxd4 exd4 38.dxe4 d3 39.b4 d2 40.Bd7 Rb2 41.Rd1 Bxb4  0-1

[Event "Cappelle op"]
[Site "Cappelle la Grande"]
[Date "1992.??.??"]
[Round "5"]
[White "Pigusov, Evgeny"]
[Black "Sadler, Matthew"]
[Result "1-0"]
[WhiteElo "2550"]
[BlackElo "2485"]

1.Nf3 d5 2.g3 c6 3.Bg2 Bg4 4.d3 Nd7 5.O-O e6 6.c4 Ngf6 7.Nc3 Be7 8.Be3 Bxf3
9.exf3 Nb6 10.Na4 dxc4 11.Nxb6 axb6 12.dxc4 Qxd1 13.Rfxd1 Nd7 14.Bd4 Bf6
15.Bxf6 Nxf6 16.f4 Ke7 17.a3 Rhd8 18.Kf1 Rxd1+ 19.Rxd1 Ra4 20.Rc1 Nd7 21.Rc3 e5
22.f5 Nf6 23.Ke2 Ne8 24.b4 Nd6 25.g4 b5 26.c5 Nc4 27.Be4 Rxa3 28.Rxa3 Nxa3
29.Kd3 h5 30.g5 f6 31.g6 h4 32.Kc3 Kd7 33.Bd3 Kc7 34.Kb3 Nc4 35.Bxc4 bxc4+
36.Kxc4 b5+ 37.Kd3 Kd7 38.Ke4 Ke7 39.Kf3 e4+ 40.Kg4 Kf8 41.Kxh4 Kg8 42.Kg4 Kf8
43.Kf4 Kg8 44.h3 Kf8 45.h4 Kg8 46.Kxe4  1-0

[Event "Cappelle op"]
[Site "Cappelle la Grande"]
[Date "1992.??.??"]
[Round "7"]
[White "Pigusov, Evgeny"]
[Black "Kuczynski, Robert"]
[Result "1-0"]
[WhiteElo "2550"]
[BlackElo "2500"]

1.Nf3 d5 2.g3 c6 3.Bg2 Bg4 4.d3 Nd7 5.O-O Ngf6 6.h3 Bh5 7.c4 dxc4 8.dxc4 e5
9.Be3 Be7 10.Nc3 O-O 11.a3 a5 12.Nh4 Bg6 13.Nxg6 hxg6 14.Qb3 Qc7 15.Na4 Rad8
16.Rad1 Nh7 17.c5 Ng5 18.h4 Ne6 19.Qc4 Bf6 20.Be4 Rfe8 21.Kg2 Ndf8 22.Bb1 Qe7
23.Nc3 Nd4 24.Ne4 Nfe6 25.Bd2 a4 26.e3 Nb3 27.Bb4 Rxd1 28.Rxd1 Rd8 29.Rxd8+ Qxd8
30.Nd6 Qd7 31.Bc2 Be7 32.Bxb3 axb3 33.Qxb3 b6 34.Bc3 Bxd6 35.cxd6 Qxd6 36.Qxb6 Qd5+
37.Kh2 Qf3 38.e4 c5 39.Kg1 Qxe4 40.Qb8+ Kh7 41.Qxe5 Qb1+ 42.Kg2 Qa2 43.Qe4 f5
44.Qe5 Qc4 45.a4 f4 46.g4 Nd4 47.Qxf4 Qxa4 48.Qe4 Kh8 49.Bxd4 cxd4 50.Qxg6 Qd7
51.Qf5 Qb7+ 52.Qf3 Qxb2 53.Qa8+ Kh7 54.Qe4+ Kg8 55.g5 Kf7 56.h5 Qd2 57.Qg6+ Kf8
58.h6 Qf4 59.Qxg7+ Ke8 60.f3 Qd2+ 61.Kh3 Qf2 62.Qe5+  1-0

[Event "Cappelle op"]
[Site "Cappelle la Grande"]
[Date "1992.??.??"]
[Round "8"]
[White "Pigusov, Evgeny"]
[Black "Hodgson, Julian M"]
[Result "1/2-1/2"]
[WhiteElo "2550"]
[BlackElo "2545"]

1.Nf3 d5 2.g3 Bg4 3.Bg2 c6 4.d3 Nd7 5.O-O e6 6.h3 Bh5 7.Nbd2 Bd6 8.e4 Ne7
9.Qe1 O-O 10.d4 c5 11.c4 cxd4 12.cxd5 exd5 13.e5 Bc7 14.e6 Nc5 15.Nxd4 Nxe6
16.Nxe6 fxe6 17.Qxe6+ Bf7 18.Qg4 Qc8 19.Qd1 Bb6 20.Nf3 Bh5 21.g4 Bf7 22.Bf4 Kh8
23.Rc1 Qd8 24.Ne5 Bg8 25.Qd2 Rc8 26.Rxc8 Nxc8 27.Bg3 Nd6 28.Rd1 Ne4 29.Bxe4  1/2-1/2

[Event "Cappelle op"]
[Site "Cappelle la Grande"]
[Date "1992.??.??"]
[Round "9"]
[White "Mortazavi, Ali"]
[Black "Sadler, Matthew"]
[Result "1/2-1/2"]
[WhiteElo "2300"]
[BlackElo "2485"]

1.Nf3 d5 2.g3 c6 3.Bg2 Bg4 4.O-O Nd7 5.d3 Ngf6 6.c4 e6 7.Nc3 Be7 8.h3 Bxf3
9.exf3 O-O 10.Qc2 Ne8 11.Ne2 Nd6 12.g4 Re8 13.f4 f5 14.Be3 Nf8 15.Bd4 Ng6
16.Qc3 Bf8 17.b4 Qh4 18.f3 Nf7 19.c5 Qd8 20.Be5 Nfxe5 21.fxe5 d4 22.Nxd4 Nf4
23.Rf2 Qd5 24.Nb3 Qxd3 25.Qd2 Qxd2 26.Rxd2 Nd5 27.a3 g6 28.g5 h6 29.h4 hxg5
30.hxg5 Be7 31.f4 Nxf4 32.Rd7 Rab8 33.Na5 Bxg5 34.Nxb7 Nxg2 35.Kxg2 Re7 36.Rxe7 Bxe7
37.Na5 Rc8 38.Rd1 Rc7 39.Kf3 Kf7 40.Rd2 g5 41.a4 a6 42.Rd1 Ke8 43.Rh1 Bf8
44.Nc4 Bg7 45.Rh5 Kf8 46.Rxg5 Rb7 47.Nd6 Rxb4 48.Rg6 Bxe5  1/2-1/2

[Event "Cattolica op"]
[Site "Cattolica"]
[Date "1992.??.??"]
[Round "7"]
[White "Geveke, Michael"]
[Black "Dobosz, Henryk"]
[Result "0-1"]
[WhiteElo "2330"]
[BlackElo "2415"]

1.Nf3 d5 2.g3 Bg4 3.Bg2 Nd7 4.d3 e5 5.Nbd2 f6 6.h3 Be6 7.e4 d4 8.O-O g5 9.c3 c5
10.Ne1 Bd6 11.Nc4 Bc7 12.a4 Nh6 13.Bd2 Nf7 14.b4 Nd6 15.Nb2 Bb6 16.a5 dxc3
17.Bxc3 cxb4 18.Bxb4 Bc5 19.Bxc5 Nxc5 20.d4 exd4 21.Qxd4 Nb3 22.Qa4+ Qd7
23.Qxd7+ Kxd7 24.Rd1 Nxa5 25.e5 fxe5 26.Ned3 Ke7 27.Nxe5 Rad8 28.Ra1 b6 29.Rfe1 Kf6
30.Ra3 Rhe8 31.Nc6 Nxc6 32.Bxc6 Bd7 33.Rxe8 Nxe8 34.Be4 a5 35.Rb3 b5 36.Rd3 h6
37.Nd1 Ke7 38.Ne3 Nf6  0-1

[Event "Cattolica op"]
[Site "Cattolica"]
[Date "1992.??.??"]
[Round "9"]
[White "Geveke, Michael"]
[Black "Sydor, Andrzej"]
[Result "1/2-1/2"]
[WhiteElo "2330"]
[BlackElo "2355"]

1.Nf3 d5 2.g3 Bg4 3.Bg2 Nd7 4.d3 e5 5.Nbd2 c6 6.h3 Bh5 7.e4 Bd6 8.O-O Ne7
9.d4 exd4 10.exd5 Nxd5 11.Ne4 Bc7 12.Qxd4 O-O 13.c4 Bxf3 14.Bxf3 Ne5 15.Bg2 Nf4
16.Qxd8 Ne2+ 17.Kh2 Rfxd8 18.b3 Nxc1 19.Raxc1 Nd3 20.Rc2 h6 21.f4 f5 22.Nc3 Rd7
23.h4  1/2-1/2

[Event "Ceske Budejovice op"]
[Site "Ceske Budejovice"]
[Date "1992.??.??"]
[Round "4"]
[White "Baumgartner, Heinz"]
[Black "Guliev, Sarhan"]
[Result "1/2-1/2"]
[WhiteElo "2335"]
[BlackElo "2470"]

1.Nf3 d5 2.g3 c6 3.Bg2 Bf5 4.O-O Nf6 5.d3 e6 6.c4 Bc5 7.Nh4 Bg4 8.h3 Bh5
9.cxd5 Nxd5 10.Nf3 O-O 11.d4 Bb6 12.Nbd2 c5 13.Nc4 Nc6 14.Nxb6 Qxb6 15.dxc5 Qxc5
16.Qb3 a5 17.e4 Bxf3 18.Qxf3 Nd4 19.Qh5 g6 20.Qh4 Nb4 21.Bg5 f6 22.Bxf6 Rxf6
23.Qxf6 Rf8 24.Qh4 Nd3 25.Qg4 Nxf2 26.Rxf2 Rxf2 27.Kxf2 Nf5+ 28.Ke1 Qb4+
29.Kf2 Qxb2+ 30.Qe2 Qd4+ 31.Kf3 Qc3+ 32.Kf2 Qc5+ 33.Ke1 Qc3+ 34.Kf2 Qd4+
35.Kf3 Qc3+ 36.Kf2 Qd4+  1/2-1/2

[Event "JUG-chT"]
[Site "Cetinje"]
[Date "1992.??.??"]
[Round "?"]
[White "Kosic, Dragan"]
[Black "Komnenic, Branko"]
[Result "1-0"]
[WhiteElo "2435"]
[BlackElo "2260"]

1.Nf3 d5 2.g3 c6 3.Bg2 Bg4 4.c4 e6 5.cxd5 exd5 6.O-O Nf6 7.d3 Be7 8.Nc3 O-O
9.h3 Bh5 10.Nd4 Re8 11.g4 Bg6 12.f4 Bc5 13.e3 h6 14.Nce2 Nbd7 15.f5 Bh7 16.Nf4 Nf8
17.Nc2 a5 18.Qf3 N6d7 19.Bd2 Ne5 20.Qf2 Be7 21.Bc3 Bh4 22.Qd2 Nfd7 23.Nd4 Bg5
24.Rae1 Qb6 25.Kh1 Qa6 26.Rd1 Nc5 27.Nde2 Na4 28.Bd4 Rad8 29.b3 Nb6 30.Ng3 a4
31.b4 Qb5 32.a3 Nc8 33.Qc3 f6 34.Ne6 Rd7 35.Bxe5 fxe5 36.Qxe5 Bf6 37.Qf4 Bb2
38.Rb1 Bxa3 39.Qd4 Rde7 40.Nh5 Nd6 41.Nexg7  1-0

[Event "JUG-chT"]
[Site "Cetinje"]
[Date "1992.??.??"]
[Round "?"]
[White "Damljanovic, Branko"]
[Black "Mukhametov, Eldar"]
[Result "1-0"]
[WhiteElo "2595"]
[BlackElo "2395"]

1.Nf3 d5 2.g3 Bg4 3.Bg2 Nd7 4.O-O c6 5.b3 e5 6.d3 Ngf6 7.Bb2 Bd6 8.Nbd2 O-O
9.e4 Re8 10.h3 Bh5 11.a3 b5 12.Qe1 Qb6 13.Nh4 Rac8 14.Ndf3 dxe4 15.dxe4 c5
16.Rd1 c4 17.Nf5 Bb8 18.b4 Qc6 19.Qe3 Nf8 20.Rfe1 a5 21.Bc3 Bc7 22.bxa5 Ra8
23.Bb4 Kh8 24.Rd2 Bxa5 25.Rd6 Qc7 26.Rxf6 Bxb4 27.axb4 Bxf3 28.Bxf3 Ne6 29.Bh5 g6
30.Nh6 Rf8 31.Bg4 Nd4 32.Rc1 Qe7 33.Qg5 Ra6 34.Rxg6 Qxg5 35.Rxg5 f6 36.Rh5 c3
37.Nf5 Rfa8 38.Nxd4  1-0

[Event "JUG-chT"]
[Site "Cetinje"]
[Date "1992.??.??"]
[Round "?"]
[White "Martinovic, Slobodan"]
[Black "Paunovic, Tomislav"]
[Result "1/2-1/2"]
[WhiteElo "2465"]
[BlackElo "2425"]

1.Nf3 d5 2.g3 Bg4 3.Bg2 Nd7 4.d4 c6 5.O-O e6 6.Nbd2 Bd6 7.e4 Ne7 8.b3 O-O
9.Bb2 a5 10.a3 b5 11.Qe2 Qb8 12.Qe3 b4 13.a4 h6 14.h3 Bxf3 15.Nxf3 Rc8 16.Rfe1 Ra7
17.Rad1 Bc7 18.Qd3 Nf6 19.Nd2 Bb6 20.Kh2 Rd7 21.e5 Nh7 22.f4 Rdc7 23.Nf3 Nf8
24.g4 c5 25.dxc5 Rxc5 26.Nd4  1/2-1/2

[Event "JUG-chT"]
[Site "Cetinje"]
[Date "1992.??.??"]
[Round "?"]
[White "Nikolic, Zivoslav"]
[Black "Kosic, Dragan"]
[Result "1/2-1/2"]
[WhiteElo "2475"]
[BlackElo "2435"]

1.g3 d5 2.Nf3 c6 3.Bg2 Bg4 4.d3 Nd7 5.h3 Bh5 6.O-O e6 7.c4 Ngf6 8.g4 Bg6
9.Qb3 Qc7 10.Be3 Bc5 11.Bxc5 Nxc5 12.Qa3 Qe7 13.Nbd2 Nfd7 14.Rac1 h5 15.Nb3 hxg4
16.hxg4 Nxb3 17.axb3 f6 18.b4 Ne5 19.b5 Qxa3 20.bxa3 Nxf3+  1/2-1/2

[Event "JUG-chT"]
[Site "Cetinje"]
[Date "1992.??.??"]
[Round "?"]
[White "Nikolic, Zivoslav"]
[Black "Trifunovic, Miroljub"]
[Result "1-0"]
[WhiteElo "2475"]
[BlackElo "2375"]

1.g3 d5 2.Nf3 Nf6 3.Bg2 e6 4.d3 Be7 5.Nbd2 c5 6.O-O Nc6 7.e4 Qc7 8.Re1 b6
9.Nf1 dxe4 10.dxe4 Ba6 11.Bf4 e5 12.Bg5 Rd8 13.Qb1 Bxf1 14.Bxf1 Nd4 15.Nxd4 cxd4
16.b4 O-O 17.Bxf6 Bxf6 18.b5 g6 19.Bd3 Kg7 20.Qc1 h5 21.f4 h4 22.Rf1 hxg3
23.hxg3 Rh8 24.Kg2 exf4 25.Qxf4 Be5 26.Qg4 Rh5 27.Rh1 Rdh8 28.Rxh5 Rxh5 29.Rf1 Qc3
30.Qe2 Bxg3 31.Kxg3 Qc7+ 32.Rf4 Kh6 33.Kf3 a5 34.Rf6 Rg5 35.e5 Qd7  1-0

[Event "JUG-chT"]
[Site "Cetinje"]
[Date "1992.??.??"]
[Round "?"]
[White "Martinovic, Slobodan"]
[Black "Ivanovic, Bozidar"]
[Result "1/2-1/2"]
[WhiteElo "2465"]
[BlackElo "2470"]

1.Nf3 d5 2.g3 c5 3.Bg2 Nc6 4.O-O e5 5.d3 Be7 6.Nbd2 Nf6 7.e4 dxe4 8.dxe4 Be6
9.c3 O-O 10.Qe2 Qc7 11.Ng5 Bg4 12.f3 Bd7 13.f4 exf4 14.gxf4 Ng4 15.Ndf3 h6
16.Nh3 Rae8 17.Nf2  1/2-1/2

[Event "JUG-chT"]
[Site "Cetinje"]
[Date "1992.??.??"]
[Round "?"]
[White "Vukic, Milan"]
[Black "Miljanic, Boro"]
[Result "1-0"]
[WhiteElo "2515"]
[BlackElo "2395"]

1.Nf3 d5 2.g3 c5 3.Bg2 Nc6 4.c4 e6 5.cxd5 exd5 6.d4 Nf6 7.O-O Be7 8.Nc3 O-O
9.Bg5 c4 10.Ne5 Be6 11.e3 Nd7 12.Nxc6 bxc6 13.Bxe7 Qxe7 14.b3 Nb6 15.Qc2 Rab8
16.Rfc1 Rfc8 17.bxc4 Nxc4 18.Na4 Rb4 19.Nc5 Rb2 20.Qc3 Qf6 21.Nd3 Rb6 22.Rab1 Bf5
23.Rb3 Bxd3 24.Qxd3 Rcb8 25.e4 Rxb3 26.axb3 Nb6 27.exd5 cxd5 28.Bf3 Qd6 29.Rc5 g6
30.Kg2 Kg7 31.h4 h5 32.Qc3 Rd8 33.Rc6 Qe7 34.Qc5 Qe1 35.Rc7 Qa1  1-0

[Event "JUG-chT"]
[Site "Cetinje"]
[Date "1992.??.??"]
[Round "?"]
[White "Vukic, Milan"]
[Black "Marjanovic, Slavoljub"]
[Result "1/2-1/2"]
[WhiteElo "2515"]
[BlackElo "2460"]

1.Nf3 d5 2.g3 g6 3.c4 c6 4.cxd5 cxd5 5.Bg2 Bg7 6.d4 Nc6 7.Nc3 e6 8.O-O Nge7
9.e3 O-O 10.b3 b6 11.Ba3 Ba6 12.Re1 Qd7 13.Qd2 Rfd8 14.Rac1 Rac8 15.Bh3 Rc7
16.Ne2 Nc8 17.Nf4 h6 18.Qb2 N8e7 19.Qb1 Rdc8 20.Nd3 Bf8 21.Nde5 Nxe5 22.Nxe5 Qe8
23.Bd6 Rxc1 24.Rxc1 Nc6 25.Bxf8 Kxf8 26.Qb2 Nxe5 27.dxe5 Rxc1+ 28.Qxc1 Qe7
29.a3 Qc5 30.Qb2 Bd3 31.Bf1 Bxf1  1/2-1/2

[Event "JUG-chT"]
[Site "Cetinje"]
[Date "1992.??.??"]
[Round "?"]
[White "Vukic, Milan"]
[Black "Djuric, Stefan"]
[Result "0-1"]
[WhiteElo "2515"]
[BlackElo "2535"]

1.Nf3 d5 2.g3 g6 3.c4 c6 4.cxd5 cxd5 5.Bg2 Nc6 6.d4 Bg7 7.O-O Nf6 8.Nc3 Ne4
9.e3 O-O 10.Bd2 Bg4 11.h3 Bxf3 12.Bxf3 Nxd2 13.Qxd2 e6 14.Rac1 h5 15.Kg2 Rc8
16.Ne2 h4 17.g4 Qd6 18.Ng1 f5 19.gxf5 exf5 20.Ne2 g5 21.Rc5 Ne7 22.Rxc8 Rxc8
23.Kh1 Rf8 24.Rb1 Kh8 25.Qa5 a6 26.b3 Bh6 27.Qc3 Rg8 28.Rc1 g4 29.Bg2 Re8
30.Qd2 Rc8 31.Qa5 Rxc1+ 32.Nxc1 f4 33.exf4 gxh3 34.Bf1 Qxf4 35.Qd8+ Ng8 36.Nd3 Qf3+
37.Kg1 Qg4+ 38.Kh1 Qe4+ 39.Kg1 Qg4+ 40.Kh1  0-1

[Event "JUG-chT"]
[Site "Cetinje"]
[Date "1992.??.??"]
[Round "?"]
[White "Vukic, Milan"]
[Black "Damljanovic, Branko"]
[Result "1/2-1/2"]
[WhiteElo "2515"]
[BlackElo "2595"]

1.Nf3 d5 2.g3 c6 3.Bg2 Bg4 4.b3 Nf6 5.Bb2 e6 6.O-O Be7 7.c4 O-O 8.d4 a5 9.Nc3 Nbd7
10.Nd2 Qb6 11.Qc2 Bf5 12.e4 Bg6 13.Qc1 dxe4 14.Ndxe4 Nxe4 15.Nxe4 Rfd8 16.Rd1 a4
17.c5 Qa7 18.b4 Bxe4 19.Bxe4 Nf6 20.Bf3 a3 21.Bc3 Nd5 22.Rb1 Qa4 23.Rb3 Bf6
24.Be2 b6 25.cxb6 Rdb8 26.Be1 Be7 27.b7 Rxb7 28.Rdd3 Qb5 29.Bf3 Rab8 30.Rxa3 Bxb4
31.Rab3 Qa6 32.Bxd5 exd5 33.Bxb4 Rxb4 34.Qf4 Rxb3 35.Rxb3 Rxb3 36.axb3  1/2-1/2

[Event "JUG-chT"]
[Site "Cetinje"]
[Date "1992.??.??"]
[Round "?"]
[White "Todorcevic, Miodrag"]
[Black "Vujosevic, Vladimir"]
[Result "1-0"]
[WhiteElo "2465"]
[BlackElo "2400"]

1.Nf3 d5 2.g3 Nf6 3.Bg2 c5 4.d3 Nc6 5.Nbd2 e6 6.O-O Be7 7.e4 b6 8.Re1 Qc7
9.c3 Bb7 10.exd5 Nxd5 11.a4 O-O 12.Nc4 Rad8 13.Qb3 Bf6 14.a5 Ba8 15.Nfd2 Rb8
16.axb6 axb6 17.Na3 Na5 18.Qd1 g6 19.Ndc4 b5 20.Bxd5 Bxd5 21.Bf4 e5 22.Bxe5 Bxe5
23.Nxe5 Ba8 24.Nc2 Rfe8 25.Ng4 Qc6 26.f3 Nb3 27.Ra7 Rf8 28.Ree7 Rb7 29.Raxb7 Bxb7
30.Nce3 c4 31.d4 Ra8 32.Nh6+ Kh8 33.Nxf7+ Kg8 34.Nc2 Qxf3 35.Qxf3 Bxf3 36.Ng5 Bd1
37.Ne3 Ra1 38.Kf2  1-0

[Event "CSR-chT"]
[Site "CSR"]
[Date "1992.??.??"]
[Round "?"]
[White "Stratil, Ladislav Jr"]
[Black "Matlak, Marek"]
[Result "1/2-1/2"]
[WhiteElo "2370"]
[BlackElo "2440"]

1.Nf3 d5 2.g3 Nf6 3.Bg2 Bf5 4.O-O e6 5.d3 Be7 6.Nbd2 h6 7.Qe1 O-O 8.e4 Bh7
9.Qe2 c5 10.Ne5 Re8 11.Re1 Qb6 12.Ng4 dxe4 13.Nxf6+ Bxf6 14.dxe4 Nc6 15.c3 Rad8
16.Nc4 Qa6 17.f4 Be7 18.Ne3 Qxe2 19.Rxe2 Rd7 20.Rd2 Red8 21.Rxd7 Rxd7 22.Kf2 Kf8
23.Ke2 Ke8 24.Bd2 Bd8 25.Rf1 Bg8 26.Be1 Ne7 27.Bf2 Bc7 28.Nc4 b6 29.a4 f6
30.Nd2 e5 31.f5 Nc6 32.b3 Na5 33.Rb1  1/2-1/2

[Event "CSR-chT"]
[Site "CSR"]
[Date "1992.??.??"]
[Round "?"]
[White "Stratil, Ladislav Jr"]
[Black "Votava, Jan"]
[Result "1-0"]
[WhiteElo "2370"]
[BlackElo "2385"]

1.Nf3 d5 2.g3 c6 3.Bg2 Bg4 4.O-O Nd7 5.d3 e5 6.Nbd2 Ngf6 7.e4 dxe4 8.dxe4 Bc5
9.Qe1 b5 10.h3 Bxf3 11.Nxf3 O-O 12.Qe2 Re8 13.Nh4 Bf8 14.Nf5 Nc5 15.Bg5 Re6
16.Rad1 Qc7 17.a3 a5 18.h4 a4 19.Kh2 Rd8 20.f3 g6 21.Rxd8 Qxd8 22.Rd1 Qc7
23.Nh6+ Bxh6 24.Bxh6 Rd6 25.Bh3 Qd8 26.Rxd6 Qxd6 27.Qe1 Ne6 28.Bxe6 fxe6
29.Qa5 Kf7 30.Qa8 Qc5 31.Qb7+ Ke8 32.Qc8+ Kf7 33.Qc7+ Ke8 34.Qc8+ Kf7 35.Kh3 Ng8
36.Qd7+ Qe7 37.Qxe7+ Nxe7 38.Be3 Ng8 39.Bc5 Nf6 40.Bd6 Nd7 41.Kg2 Ke8 42.Kf2 Kd8
43.Ke3 Kc8 44.g4 Kd8 45.Kd3 Kc8 46.h5 gxh5 47.gxh5 Kb7 48.Ke3 Kc8 49.Ke2 Kd8
50.Kf2 Ke8 51.b3 axb3 52.cxb3 Kd8 53.Kg3 c5 54.Kg4 h6 55.Kg3 Kc8 56.f4 exf4+
57.Kxf4 Nf6 58.Be5 Ng8 59.Bg7 Kd7 60.Ke5 Ke7 61.b4 cxb4 62.axb4 Kf7 63.Bh8 Ke7
64.Kd4 Kd6 65.Bg7 Kc6 66.Ke5 Kd7 67.Kd4 Kc6 68.Bh8 Kd6 69.Be5+ Kc6 70.Bg7 Kd6
71.Bf8+ Kc6 72.Ke5 Kd7 73.Bc5 Ne7 74.Kf6 Nc6 75.Kg6 Ke8 76.Kxh6 Kf7 77.Kg5 Ne5
78.Bd6 Nc4 79.Bc7 Nb2 80.Be5 Nd1 81.h6 Nf2 82.h7  1-0

[Event "CSR-chT"]
[Site "CSR"]
[Date "1992.??.??"]
[Round "?"]
[White "Konopka, Michal"]
[Black "Pacl, Vaclav"]
[Result "1-0"]
[WhiteElo "2360"]
[BlackElo "2295"]

1.Nf3 d5 2.g3 c6 3.Bg2 Nf6 4.c4 e6 5.O-O Be7 6.d4 O-O 7.Qc2 Nbd7 8.b3 b6
9.Nc3 Bb7 10.Rd1 Rc8 11.e4 Nxe4 12.Nxe4 dxe4 13.Qxe4 Ba8 14.Qc2 Bf6 15.Ba3 Re8
16.Rac1 Qc7 17.c5 g6 18.Bb2 Be7 19.b4 Nf6 20.Ne5 Nd5 21.a3 Red8 22.h4 Bf8
23.Rb1 Bb7 24.h5 g5 25.Be4 f6 26.Nc4 Ba6 27.Rbc1 Bxc4 28.Qxc4 b5 29.Qe2 Qf7
30.Re1 Rd7 31.Ra1 Rb7 32.Qg4 Bg7 33.Bxd5  1-0

[Event "Czestochowa op"]
[Site "Czestochowa"]
[Date "1992.??.??"]
[Round "2"]
[White "Ryskin, Alexander"]
[Black "Aleksandrov, Aleksej"]
[Result "0-1"]
[WhiteElo "2445"]
[BlackElo "2505"]

1.Nf3 d5 2.g3 e6 3.Bg2 g6 4.d4 Bg7 5.O-O Ne7 6.Nbd2 c5 7.dxc5 Na6 8.e4 Nxc5
9.exd5 exd5 10.Nb3 Ne4 11.c3 O-O 12.Bf4 a5 13.a4 Nc6 14.Nbd4 Bg4 15.Qb3 Qd7
16.Rfe1 Rfe8 17.Be3 Nc5 18.Qb5 Bf8 19.Nb3 Bxf3 20.Nxc5 Bxc5 21.Bxf3 Bxe3
22.fxe3 Re5 23.Rad1 Rd8 24.c4 Qf5 25.Rf1 Qg5 26.Rxd5 Qxe3+ 27.Kg2 Rf5 28.Rxd8+ Nxd8
29.Qd7 Ne6 30.Qxb7 Ng5 31.g4 Rf4 32.h3 Rxc4 33.Rf2 Rxa4 34.Re2 Qf4 35.Qc8+ Kg7
36.Qc3+ Kh6 37.Qe3 Ne6 38.Kf2 Kg5 39.Qxf4+ Kxf4 40.Rd2 Ke5 41.Rd7 Kf6 42.Ra7 Ng5
43.Bd5 Nxh3+ 44.Kf3 Ng5+ 45.Kg3 Rb4 46.Ra6+ Ne6 47.b3 Rb5 48.Bc4 Rg5 49.Kf3 Re5
50.Ra7 Ng5+ 51.Kf4 h6 52.Kg3 Ne4+ 53.Kf4 g5+ 54.Ke3 Nd6+ 55.Kd4 Nb5+ 56.Bxb5 Rxb5
57.Kc4 Rb4+ 58.Kc3 Rxg4 59.Rxa5 Rg3+ 60.Kc4 Rg1 61.b4 g4 62.b5 g3 63.Ra2 Ke5
64.b6 Rb1 65.Kc5 h5  0-1

[Event "USA-op"]
[Site "Dearborn"]
[Date "1992.??.??"]
[Round "6"]
[White "Johnstone, Glenn"]
[Black "Comp Socrates"]
[Result "1-0"]
[WhiteElo "2300"]
[BlackElo "2260"]

1.Nf3 d5 2.g3 Nf6 3.Bg2 c6 4.O-O Bf5 5.b3 e6 6.Bb2 Bd6 7.c4 O-O 8.Nc3 h6
9.d3 Nbd7 10.e4 Bg4 11.h3 Bh5 12.Re1 d4 13.Ne2 e5 14.g4 Bg6 15.Nh4 Bh7 16.Nf5 Bxf5
17.exf5 Re8 18.Ng3 Qc7 19.Be4 Bb4 20.Re2 Nxe4 21.Nxe4 Rad8 22.f3 c5 23.Qc1 Qc6
24.Rh2 Ba5 25.Kh1 Nf6 26.Qc2 Rd7 27.Rg1 Red8 28.Bc1 Bc7 29.Qg2 Nxe4 30.fxe4 f6
31.h4 Kf7 32.g5 fxg5 33.hxg5 h5 34.Rxh5 Rf8 35.Rh7 Ke8 36.Rf1 Kd8 37.Kg1 Qa6
38.Qe2 Kc8 39.Rf3 Kb8 40.Rfh3 Ka8 41.Rh8 Rxh8 42.Rxh8+ Bb8 43.Kf1 Qa5 44.Rg8 Qc7
45.Qh2 Rd8 46.Rxd8 Qxd8 47.Bd2 Bd6 48.Qh7 Bf8 49.Ke2 Kb8 50.Kf3 Qe7 51.Qg8 Qe8
52.Kg4 Kc7 53.Be1 Kb6 54.Bg3 Ka5 55.a3 Ka6 56.Qe6+  1-0

[Event "USA-op"]
[Site "Dearborn"]
[Date "1992.??.??"]
[Round "10"]
[White "Burnett, Ronald"]
[Black "Lower, Spencer"]
[Result "1-0"]
[WhiteElo "2325"]
[BlackElo "2240"]

1.Nf3 d5 2.g3 Nf6 3.Bg2 c6 4.O-O Bg4 5.Ne5 Bh5 6.d4 Nbd7 7.c4 e6 8.Bg5 Be7
9.Nc3 Nxe5 10.dxe5 Nd7 11.Bxe7 Qxe7 12.Qd4 O-O 13.f4 Nb6 14.cxd5 cxd5 15.h3 Rac8
16.g4 Bg6 17.f5 exf5 18.gxf5 Bh5 19.a4 Rfe8 20.a5 Nc4 21.e6 Qc5 22.Qxc5 Rxc5
23.Bxd5 Ne3 24.Bf3 Bxf3 25.Rxf3 Nc4 26.b4 Re5 27.Rf4 Ne3 28.Kf2 fxe6 29.f6 gxf6
30.Ne4 Nd5 31.Rg4+ Kf8 32.Rag1 Rxe4 33.Rxe4 f5 34.Rh4 Re7 35.Rc4 Kf7 36.Kg3 Kf6
37.Kf3 b5 38.Rc8 Rb7 39.Rb1 Ke5 40.Ra8 Nc7 41.Rh8 Nd5 42.a6 Rb6 43.Rxh7 Rxa6
44.h4 Ra4 45.h5 Nxb4 46.h6 Nd5 47.Rxb5 Rh4 48.Rh8 Kf6 49.Rb7 Nf4 50.Rf8+ Ke5
51.h7 Rh3+ 52.Kf2 Ng6 53.Rg7  1-0

[Event "EU-chT (Men)"]
[Site "Debrecen"]
[Date "1992.??.??"]
[Round "2"]
[White "Hickl, Joerg"]
[Black "Silva, Fernando"]
[Result "1-0"]
[WhiteElo "2515"]
[BlackElo "2265"]

1.g3 d5 2.Nf3 c6 3.Bg2 Bg4 4.b3 Nf6 5.Bb2 e6 6.d3 Be7 7.Nbd2 O-O 8.O-O Nbd7
9.c4 a5 10.a3 Re8 11.h3 Bh5 12.Bc3 Bf8 13.Qc2 e5 14.e4 dxe4 15.dxe4 Qc7 16.b4 axb4
17.axb4 Rxa1 18.Rxa1 Nb8 19.c5 Nfd7 20.Nc4 f6 21.Ra7 Qc8 22.Nfd2 Bf7 23.Bf1 Na6
24.Na5 b5 25.cxb6 Nxb4 26.Qb2 c5 27.Bc4 Bxc4 28.Ndxc4 Nb8 29.Kg2 Qe6 30.Bxb4 cxb4
31.Qd2 Nc6 32.Nxc6 Qxc4 33.Rc7 Qxe4+ 34.f3 Qb1 35.Nd8 Rxd8 36.Qxd8 Qa2+ 37.Kf1 Qa6+
38.Ke1 Qa1+ 39.Qd1 Qa5 40.Qb3+ Kh8 41.Rc8  1-0

[Event "EU-chT (Men)"]
[Site "Debrecen"]
[Date "1992.??.??"]
[Round "2"]
[White "Dizdar, Goran"]
[Black "Lukacs, Peter"]
[Result "1-0"]
[WhiteElo "2495"]
[BlackElo "2490"]

1.Nf3 d5 2.g3 Nf6 3.Bg2 c6 4.O-O Bg4 5.d3 e6 6.c4 Nbd7 7.cxd5 exd5 8.Nc3 Bc5
9.Qb3 Bb6 10.Na4 O-O 11.Nxb6 axb6 12.Qc2 Re8 13.Re1 Qe7 14.b3 Ne5 15.Nxe5 Qxe5
16.Bb2 Qh5 17.Bxf6 gxf6 18.e3 Bf3 19.a4 Re6 20.Qc3 Bxg2 21.Kxg2 Qe5 22.Qb4 c5
23.Qg4+ Kh8 24.d4 f5 25.Qd1 Qd6 26.Qd3 Rf6 27.Red1 Rd8 28.Rac1 Qe7 29.Kg1 Kg8
30.Rc2 Qd6 31.Qb5 cxd4 32.Rxd4 Qe5 33.Rcd2 Rfd6 34.Qd3 Kg7 35.Kg2 R8d7 36.Rd1 Rd8
37.Rd2 R8d7 38.Rd1 Rd8 39.h3 R8d7 40.Rd2 Rd8 41.Rd1 R8d7 42.Rf4 Rf6 43.Rc1 Rd8
44.Qb5 Qe7 45.Rd1 Qe5 46.Rdd4 Rdd6 47.Qd3 h6 48.Qb5 Kg8 49.Qd3 Kg7 50.Rf3 Rd8
51.Rdf4 Rc8 52.Rxf5 Rc3 53.Qxc3 Qxc3 54.Rxf6 Qxb3 55.Rxf7+ Kg8 56.Rf8+ Kg7
57.R8f7+ Kg8 58.Rxb7  1-0

[Event "EU-chT (Women)"]
[Site "Debrecen"]
[Date "1992.??.??"]
[Round "3"]
[White "Safranska, Anda"]
[Black "Dahl, Ingrid"]
[Result "1/2-1/2"]
[WhiteElo "2220"]
[BlackElo "2130"]

1.Nf3 d5 2.g3 c5 3.Bg2 Nf6 4.O-O Nc6 5.d3 e5 6.Nbd2 Be7 7.e4 O-O 8.a4 Be6
9.Ng5 Bg4 10.f3 Bc8 11.Nh3 b6 12.Nf2 Ba6 13.Re1 dxe4 14.dxe4 Qc7 15.c3 Rad8
16.Qc2 c4 17.Bf1 Na5 18.Nd1 Rd7 19.Ne3 Bc5 20.Kg2 Bxe3 21.Rxe3 Rfd8 22.Re1 Rd6
23.Be2 Nd7 24.Nf1 Nc5 25.Be3 Nab3 26.Ra3 Qd7 27.a5 b5 28.Kg1 Na4 29.Rxb3 cxb3
30.Qxb3 Rc8 31.Qb4 Rc7 32.f4 Qc6 33.fxe5 Rd8 34.Nd2 Nc5 35.Rf1 Nd3 36.Qb3 Nxe5
37.Bd4 Nc4 38.Nxc4 bxc4 39.Qc2 Bc8 40.Rf4 Re8 41.e5 Bb7 42.Bf3 Qa6 43.Qa4 Bc6
44.Bxc6 Qxc6 45.Qxc6 Rxc6 46.Bxa7 Rxe5 47.Rd4 h6 48.Bb6 Re2 49.Rd1 Rxb2 50.Ra1 Rc8
51.Bd4 f6  1/2-1/2

[Event "EU-chT (Women)"]
[Site "Debrecen"]
[Date "1992.??.??"]
[Round "4"]
[White "Arakhamia, Ketevan"]
[Black "Flear, Christine"]
[Result "1-0"]
[WhiteElo "2435"]
[BlackElo "2205"]

1.Nf3 d5 2.g3 Nf6 3.Bg2 Bg4 4.d4 e6 5.O-O Be7 6.c4 c6 7.Nbd2 Nbd7 8.h3 Bh5
9.b3 O-O 10.Bb2 Rc8 11.Qe1 Re8 12.a3 Bf8 13.e4 Nxe4 14.Nxe4 dxe4 15.Qxe4 Bg6
16.Qe3 a5 17.Rad1 Qb6 18.Rd2 Qa7 19.Re1 h6 20.Qc3 Qb6 21.Rde2 Red8 22.Nd2 Nf6
23.c5 Qc7 24.Nc4 Ra8 25.Bc1 Nd5 26.Qf3 a4 27.b4 Rac8 28.h4 b5 29.Ne5 Bh7
30.Bh3 Nf6 31.Nxf7 Re8 32.Nxh6+ Kh8  1-0

[Event "EU-chT (Men)"]
[Site "Debrecen"]
[Date "1992.??.??"]
[Round "5"]
[White "Barle, Janez"]
[Black "Godena, Michele"]
[Result "1/2-1/2"]
[WhiteElo "2430"]
[BlackElo "2425"]

1.Nf3 d5 2.g3 c6 3.Bg2 Bg4 4.c4 e6 5.cxd5 Bxf3 6.Bxf3 cxd5 7.O-O Nc6 8.d3 Nf6
9.Nc3 Bd6 10.a3 O-O 11.Bg2 Qd7 12.Bd2 Rfc8 13.Rc1 h6 14.e3 Rab8 15.Re1 b5
16.b4 a5 17.Na2 axb4 18.Nxb4 Nxb4 19.Bxb4 Bxb4 20.axb4 Rxc1 21.Qxc1 Rc8 22.Qa3 Qc6
23.Ra1 g5 24.Qb2 Qc3 25.Qxc3 Rxc3 26.Ra5 Rxd3 27.h3 Rd1+ 28.Kh2 Rd2 29.Kg1 Rd1+
30.Kh2  1/2-1/2

[Event "EU-chT (Men)"]
[Site "Debrecen"]
[Date "1992.??.??"]
[Round "5"]
[White "Sepp, Olav"]
[Black "Schuh, Franz"]
[Result "1-0"]
[WhiteElo "2335"]
[BlackElo "2310"]

1.Nf3 d5 2.g3 c5 3.Bg2 Nc6 4.O-O e6 5.d3 g6 6.Nbd2 Bg7 7.e4 Nge7 8.Re1 O-O
9.c3 b6 10.exd5 Nxd5 11.Nc4 Bb7 12.Bg5 Qc7 13.Qd2 b5 14.Ne3 Rfe8 15.h4 b4
16.Rec1 bxc3 17.bxc3 Nxe3 18.Qxe3 Ne7 19.Rab1 Nf5 20.Qd2 Bd5 21.g4 Nd6 22.c4 Bc6
23.Qe3 Bxf3 24.Qxf3 Rab8 25.Bf6 Rxb1 26.Rxb1 Rb8 27.Rxb8+ Qxb8 28.h5 gxh5
29.gxh5 Bxf6 30.Qxf6 Nf5 31.Qg5+ Kh8 32.Be4 Qe5 33.Bxf5 Qxf5 34.Qxf5 exf5
35.d4 Kg7 36.d5 Kf6 37.Kg2 h6 38.Kf3 Ke5 39.Ke3 f4+ 40.Ke2 Kd6 41.Kd3 Ke5
42.Kc3 Kd6 43.Kc2 f6 44.Kd3 Ke5 45.Ke2 Kd6 46.Kf3 Ke5 47.Kg4 a6 48.a3 a5
49.a4 f3 50.Kxf3 Kf5 51.Ke3 Ke5 52.f4+  1-0